|
|
|
|
| LEADER |
00784nam a2200229 a 4500 |
| 001 |
c000271916 |
| 003 |
CARM |
| 005 |
20070912143843.0 |
| 008 |
070912s1982 enk 000 1 eng d |
| 019 |
1 |
|
|a 50074171
|5 LACONCORD2021
|
| 020 |
|
|
|a 0263736938 (pbk.)
|
| 035 |
|
|
|a (OCoLC)812547974
|5 LACONCORD2021
|
| 040 |
|
|
|a VCAV
|b eng
|c VCAV
|
| 042 |
|
|
|a anuc
|
| 100 |
1 |
|
|a Mortimer, Carole.
|
| 245 |
1 |
0 |
|a Point of no return /
|c by Carole Mortimer.
|
| 250 |
|
|
|a Australia/New Zealand ed.
|
| 260 |
|
|
|a London :
|b Mills & Boon,
|c 1982.
|
| 300 |
|
|
|a 192 p.
|
| 852 |
8 |
|
|b CARM
|h A1:AM27A0
|i A04818
|p 0374287
|f BK
|
| 999 |
f |
f |
|i c5eb1b20-3773-5613-9b90-4808c4079bc4
|s 4fefe855-4f5f-5d12-a402-271da73bdc71
|
| 952 |
f |
f |
|p Can circulate
|a CAVAL
|b CAVAL
|c CAVAL
|d CARM 1 Store
|e A04818
|f A1:AM27A0
|h Other scheme
|i book
|m 0374287
|